| 000 | 00986nam0a22002411 4500 | ||
|---|---|---|---|
| 001 | rc\363293 | ||
| 005 | 20030307123445.9 | ||
| 035 | _a(NLR Aleph) 005593984 | ||
| 090 |
_a6242249 _c6242249 |
||
| 100 | _a20030307d1989 u |0rusy50 ca | ||
| 101 | 0 | _arus | |
| 102 | _aRU | ||
| 105 | _ay ||||||||| | ||
| 200 | 1 |
_aУчебный курс "Новая система управления экономикой". Тема 2 "Перестройка хозяйственного механизма деятельности предприятия" _fДом политпросвещения ЦК КП Эстонии, Ин-т экономики АН ЭССР |
|
| 210 |
_aТаллин _cИзд-во ЦК КП Эстонии _d1989 |
||
| 215 |
_a60 с. _d20 |
||
| 320 | _aБиблиогр.: с. 59-60 (17 назв.) | ||
| 700 | 1 |
_aТаалер _bЯ. Э. _gЯан Эдуардович |
|
| 801 | 0 |
_aRU _bNLR _gpsbo |
|
| 801 | 1 |
_aRU _bELAR _2rusmarc |
|
| 852 |
_aNLR _j89-4/7561 |
||
| 942 | _cBOOK | ||
| 980 | _aNB | ||